Central Library OPAC University of Rajshahi

আলোর দ্যুতি আসাদুজ্জামান / (Record no. 54453)

MARC details
000 -LEADER
fixed length control field 00816nam a2200229 a 4500
001 - CONTROL NUMBER
control field 54453
003 - CONTROL NUMBER IDENTIFIER
rucl marc code BD-RjUL
005 - DATE AND TIME OF LATEST TRANSACTION
control field 20211209080125.0
008 - FIXED-LENGTH DATA ELEMENTS--GENERAL INFORMATION
fixed length control field 161107s1992 bg ||||| |||| 00| 0 ben d
020 ## - INTERNATIONAL STANDARD BOOK NUMBER
Terms of availability : TK 40.00
035 ## - SYSTEM CONTROL NUMBER
System control number (BD-RjUL)54575
040 ## - CATALOGING SOURCE
Original cataloging agency BD-RjUL
Language of cataloging ben
Transcribing agency BD-RjUL
041 ## - LANGUAGE CODE
Language code of text/sound track or separate title ben
082 ## - DEWEY DECIMAL CLASSIFICATION NUMBER
Edition number 23
Classification number 928.9144
Author mark and year MAA 1992
100 ## - MAIN ENTRY--PERSONAL NAME
Personal name মাহমুদ, অনীক
9 (RLIN) 162484
245 10 - TITLE STATEMENT
Title আলোর দ্যুতি আসাদুজ্জামান /
Statement of responsibility, etc. অনীক মাহমুদ
260 ## - PUBLICATION, DISTRIBUTION, ETC. (IMPRINT)
Place of publication, distribution, etc. বগুড়া :
Name of publisher, distributor, etc. রেবা প্রকাশনী,
Date of publication, distribution, etc. ১৯৯২
300 ## - PHYSICAL DESCRIPTION
Pagination ৮২ পৃ. ;
Size ২১ সেমি.
650 ## - SUBJECT ADDED ENTRY--TOPICAL TERM
Topical term or geographic name as entry element Literature Writer
General subdivision Bengali
9 (RLIN) 162485
Topical term or geographic name as entry element সাহিত্য লেখক
General subdivision বাংলা
9 (RLIN) 164446
942 ## - ADDED ENTRY ELEMENTS (KOHA)
Source of classification or shelving scheme Dewey Decimal Classification
Koha item type Books
Holdings
Lost status Source of classification or shelving scheme Damaged status Not for loan Collection code Permanent Location Current Location Shelving location Date acquired Source of acquisition Cost, normal purchase price Total Checkouts Full call number Date last seen Copy number Koha item type
  Dewey Decimal Classification     Non-fiction Central Library, University of Rajshahi Central Library, University of Rajshahi   30/09/1992 Anik Mahmud 40.00   B 928.9144 MAA 1992 07/11/2016 C-2 Books
  Dewey Decimal Classification     Non-fiction Central Library, University of Rajshahi Central Library, University of Rajshahi   30/09/1992 Anik Mahomud 40.00   B 928.9144 MAA 1992 13/11/2016 C-3 Books
  Dewey Decimal Classification     Non-fiction Central Library, University of Rajshahi Central Library, University of Rajshahi   30/09/1992 Anik Mahmud 40.00   B 928.9144 MAA 1992 20/11/2016 C-4 Books